General Knowledge #12 - Statistics

General Stats
  • This quiz has been taken 48 times
  • The average score is 10 of 15
Answer Stats
Question Answer % Correct
What does the Roman numeral XVI represent? 16
93%
How many teaspoons are in one tablespoon? 3
93%
How many legs do arachnids have? 8
90%
What is 294 rounded to the nearest ten? 290
88%
Animals that only eat plants are called? Herbivore
80%
What planet was Superman from? Krypton
75%
What is the main character in a story called? Protagonist
75%
What is the term for a word that is similar in definition to another? Synonym
75%
What is someone who studies rocks called? Geologist
63%
What is the top number of a fraction called? Numerator
60%
Solid, liquid, and gas are all states of matter. What is the fourth state of matter? Plasma
58%
What was the name of the last queen of France? Marie Antoinette
55%
An earthquake is cause by what rubbing together? Tectonic Plates
53%
Legislative and judicial are two branches of the U.S. government. What is the third? Executive
48%
The emancipation proclamation did what? Freed slaves
23%
No matching quizzes found
Score Distribution
Percent of People with Each Score
Percentile by Number Answered
Your Score History
You have not taken this quiz